| 000 | 00925nam a2200265Ia 4500 | ||
|---|---|---|---|
| 003 | OSt | ||
| 005 | 20220927115045.0 | ||
| 006 | a|||||r|||| 00| 0 | ||
| 007 | ta | ||
| 008 | 220926b |||||||| |||| 00| 0 eng d | ||
| 024 | _a107648 | ||
| 037 | _cThesis and Dissertations | ||
| 040 |
_aRTL _cRTL _beng |
||
| 041 |
_2eng _aeng |
||
| 082 | _a"X9(M8):545.2.N8, M4" | ||
| 100 |
_aGupta S P _9390461 |
||
| 110 |
_aUniversity of Delhi. Faculty of Management. Deptt of Commerce (Delhi India) _9390462 |
||
| 245 | 0 | _aIndia's garment exports and multifibre arrangement | |
| 260 |
_aDelhi _bUniversity Of Delhi India _c1984 |
||
| 300 |
_a103p. _ccm. |
||
| 650 |
_aClothing Industry _9362241 |
||
| 700 |
_aUniversity of Delhi. Faculty of Management. Deptt of Commerce (Delhi India) _9390463 |
||
| 942 |
_h"X9(M8):545.2.N8, M4" _cCC |
||
| 999 |
_c705674 _d705674 |
||